书目信息 |
| 题名: |
模拟电子技术习题精解及考试真题选编
|
|
| 作者: | 刘颖 , 任希 , 曾涛 编著 | |
| 分册: | ||
| 出版信息: | 北京 北京交通大学出版社 2009.01 |
|
| 页数: | 199页 | |
| 开本: | 23cm | |
| 丛书名: | 国家电工电子教学甚地系列教材 | |
| 单 册: | ||
| 中图分类: | TN01-44 | |
| 科图分类: | ||
| 主题词: | 模拟电路--mo ni dian lu--电子技术--高等学校--解题 | |
| 电子资源: | ||
| ISBN: | 978-7-81123-163-2 | |
| 000 | 01143nam 2200289 450 | |
| 001 | 012009754999 | |
| 005 | 20090916195646.62 | |
| 010 | @a978-7-81123-163-2@dCNY19.00 | |
| 100 | @a20090916d2009 em y0chiy0120 ea | |
| 101 | 0 | @achi |
| 102 | @aCN@b110000 | |
| 105 | @aak z 000yy | |
| 106 | @ar | |
| 200 | 1 | @a模拟电子技术习题精解及考试真题选编@Amo ni dian zi ji shu xi ti jing jie ji kao shi zhen ti xuan bian@f刘颖, 任希, 曾涛编著@Fliu ying,ren xi,ceng tao bian zhu |
| 210 | @a北京@c北京交通大学出版社@c清华大学出版社@d2009.01 | |
| 215 | @a199页@c图@d23cm | |
| 225 | 2 | @a国家电工电子教学甚地系列教材@Aguo jia dian gong dian zi jiao xue shen di xi lie jiao cai |
| 300 | @a北京市精品课程配套教材 | |
| 330 | @a本书对《模拟电子技术》教材中的全部习题进行了解答,同时提供了5套模拟测试题及解答和5套研究生入学考试试题。 | |
| 410 | 0 | @12001 @a国家电工电子教学甚地系列教材 |
| 606 | 0 | @a模拟电路@Amo ni dian lu@x电子技术@x高等学校@j解题 |
| 690 | @aTN01-44@v4 | |
| 701 | 0 | @a刘颖@Aliu ying@4编著 |
| 701 | 0 | @a任希@Aren xi@4编著 |
| 701 | 0 | @a曾涛@Aceng tao@4编著 |
| 801 | 0 | @aCN@bQSSK@c20090916 |
| 905 | @b752578-82@dTN01-44@eL712@f5 | |
| 模拟电子技术习题精解及考试真题选编/刘颖, 任希, 曾涛编著.-北京:北京交通大学出版社:清华大学出版社,2009.01 |
| 199页:图;23cm.-(国家电工电子教学甚地系列教材) |
| 北京市精品课程配套教材 |
| ISBN 978-7-81123-163-2:CNY19.00 |
| 本书对《模拟电子技术》教材中的全部习题进行了解答,同时提供了5套模拟测试题及解答和5套研究生入学考试试题。 |
| ● |
| 相关链接 |
|
|
|
正题名:模拟电子技术习题精解及考试真题选编
索取号:TN01-44/L712
 
预约/预借
| 序号 | 登录号 | 条形码 | 馆藏地/架位号 | 状态 | 备注 |
| 1 | 752578 | 207525784 | 自科库301/301自科库 24排2列3层/ [索取号:TN01-44/L712] | 在馆 | |
| 2 | 752579 | 207525793 | 自科库301/301自科库 24排2列3层/ [索取号:TN01-44/L712] | 在馆 | |
| 3 | 752580 | 207525800 | 自科库301/301自科库 17排3列4层/ [索取号:TN01-44/L712] | 在馆 | |
| 4 | 752581 | 207525819 | 自科二线504/504自科库 32排1列1层/ [索取号:TN01-44/L712] | 在馆 | |
| 5 | 752582 | 207525828 | 自科库301/301自科库 17排3列4层/ [索取号:TN01-44/L712] | 在馆 |